|
|
|
|
| LEADER |
01258njm a2200313 a 4500 |
| 001 |
000903342 |
| 003 |
CZ BrMZK |
| 005 |
20080715103858.0 |
| 007 |
sd fsngnnmmned |
| 008 |
080703q2002 xr ppn g d cze d |
| 040 |
|
|
|a BOA001
|b cze
|
| 072 |
|
7 |
|a 784
|x Vokální hudba
|2 Konspekt
|9 9
|
| 080 |
|
|
|a 784.4
|2 MRF
|
| 080 |
|
|
|a (086.76)
|2 MRF
|
| 100 |
1 |
|
|a Koubek, Václav,
|d 1955-
|7 jn99240000506
|4 cmp
|4 lyr
|4 itr
|4 sng
|
| 245 |
1 |
0 |
|a Já a můj táta
|h [zvukový záznam] :
|b dětem
|
| 260 |
|
|
|a [S.l.] :
|b V. Koubek ,
|c [2002?]
|
| 300 |
|
|
|a 1 zvuková deska :
|b digital ;
|c 12 cm
|
| 500 |
|
|
|a Kompaktní deska
|
| 500 |
|
|
|a V pouzdře vloženy texty písní
|
| 505 |
0 |
0 |
|t Tulácká --
|t Slunce --
|t Slon --
|t Hádavá --
|t Moucha --
|t Obří --
|t Čertovská --
|t Svět --
|t Havajská --
|t Klepy --
|t Touha --
|t Dokolečka --
|t Loupežnická --
|t Princezna
|
| 511 |
0 |
|
|a Václav Koubek, hudba, text, zpěv, harmonika & spol
|
| 518 |
|
|
|a Nahráno ve studiu "Volný styl" v březnu 2002
|
| 650 |
0 |
7 |
|a populární písně
|7 ph124354
|y 2001-2010
|2 czenas
|
| 655 |
|
7 |
|a kompaktní desky
|7 fd201991
|2 czenas
|
| 910 |
|
|
|a BOA001
|b CD-0014.618
|
| 990 |
|
|
|a AV
|
| 991 |
|
|
|b 200807
|
| 996 |
6 |
|
|b 261H016247
|c CD-0014.618
|l MZK
|r Sklad / do 24 hodin
|n 0
|w 001067450
|u 000010
|a 1
|e BOA001
|j MZK50
|s P
|